000 00637nam a2200181Ia 4500
008 100920s9999 xx 000 0 und d
082 _b93419
_a--- न 05
100 _aगोगटे मंदाकिनी.
245 _aमोठी वेगळी पाऊलवाट.
260 _bपायल पब्लिकेशन, पुणे.
_c2005
300 _a124
_bसाधी
365 _b190
520 _aकादंबरी.
630 _aमोठी वेगळी पाऊलवाट.
650 _aकादंबरी.
730 _aमोठी वेगळी पाऊलवाट.
942 _cBOOK
999 _c733862
_d733859